| 000 | 00909cam a22003133a 4500 | ||
|---|---|---|---|
| 001 | 2413 | ||
| 003 | PGUSA | ||
| 005 | 20140828083014.0 | ||
| 008 | 060226s2006||||xxu|||||s|||||000 1 eng d | ||
| 040 |
_aPGUSA _beng |
||
| 042 | _adc | ||
| 050 | 4 | _aPQ | |
| 100 | 1 |
_aFlaubert, Gustave, _d1821-1880 |
|
| 245 | 1 | 0 |
_aMadame Bovary _h[electronic resource] / _cGustave Flaubert |
| 260 |
_bProject Gutenberg, _c2006 |
||
| 506 | _aPublic domain in the USA. | ||
| 516 | _aElectronic text | ||
| 653 | _aSuicide victims -- Fiction | ||
| 653 | _aPhysicians' spouses -- Fiction | ||
| 653 | _aFrance -- Fiction | ||
| 653 | _aDomestic fiction | ||
| 653 | _aMarried women -- Fiction | ||
| 653 | _aMiddle class -- Fiction | ||
| 653 | _aAdultery -- Fiction | ||
| 700 | 1 |
_aAveling, Eleanor Marx, _d1855-1898 |
|
| 830 | 0 |
_aProject Gutenberg _v2413 |
|
| 856 | 4 | 0 | _uhttp://www.gutenberg.org/ebooks/2413 |
| 942 | _cEB | ||
| 999 |
_c231750 _d231750 |
||